000
00215nam a2200097Ia 4500
008
190216s9999||||xx |||||||||||||| ||und||
100
_a
Ramamurthy K S
245
0
_a
Hindi-Rahayavad
260
_b
Rajkamal
942
_c
BK
999
_c
18210
_d
18210